[Event "Chinese Championships"]
[Site "Wuxi CHN"]
[Date "2006.06.29"]
[EventDate "2006.06.25"]
[Round "5"]
[Result "1-0"]
[White "Gu Xiaobing"]
[Black "Shen Yang"]
[WhiteElo "2371"]
[BlackElo "2411"]
[PlyCount "111"]

1. e4 e5 2. Nc3 Nf6 3. Bc4 Nxe4 4. Qh5 Nd6 5. Bb3 c6 6. Ne4
Qe7 7. Nxd6+ Qxd6 8. Qxf7+ Kd8 9. Nf3 h6 10. d3 Qf6 11. Qh5
Bb4+ 12. c3 g6 13. Qg4 Be7 14. O-O d6 15. Qg3 Bf5 16. Rd1 Kc8
17. c4 Nd7 18. d4 e4 19. Nd2 Qxd4 20. Nf1 Qf6 21. Bf4 Kc7
22. Ne3 Nc5 23. Rd5 g5 24. Rxf5 gxf4 25. Qxf4 Qxb2 26. Rd1
Raf8 27. h3 Rf6 28. Rdd5 b6 29. Rxf6 Qxf6 30. Rf5 Qh4 31. Qh2
Rf8 32. g3 Rxf5 33. gxh4 Rf3 34. Bd1 Rf7 35. Qg3 Ne6 36. Bg4
Nd4 37. Bh5 Rf6 38. Qg7 Kd8 39. Ng4 Ne2+ 40. Kh1 Rf3 41. Nh2
Rxf2 42. Bxe2 Rxe2 43. Ng4 Bxh4 44. Qf8+ Kc7 45. Qg7+ Kc8
46. Nf2 h5 47. Qh8+ Bd8 48. Kg1 e3 49. Nd3 Rxa2 50. Qxh5 Rd2
51. Nf4 Rd4 52. Qf5+ Kb7 53. Kf1 Rd2 54. Qd7+ Bc7 55. Ne6 Rd1+
56. Ke2 1-0

[Event "Chinese Championships"]
[Site "Wuxi CHN"]
[Date "2006.07.02"]
[EventDate "2006.06.25"]
[Round "7"]
[Result "0-1"]
[White "Ju Wenjun"]
[Black "Shen Yang"]
[WhiteElo "2330"]
[BlackElo "2411"]
[PlyCount "83"]

1. d4 d5 2. c4 dxc4 3. Nf3 a6 4. a4 Nc6 5. e4 Bg4 6. Be3 e5
7. d5 Na5 8. Nc3 Bd6 9. h3 Bd7 10. Nd2 b5 11. Be2 Nf6 12. O-O
O-O 13. Bg4 Nxg4 14. hxg4 Qh4 15. g5 f6 16. axb5 axb5 17. gxf6
Qxf6 18. Qh5 h6 19. Ne2 Nb7 20. Nf3 Rxa1 21. Rxa1 Nc5 22. Bxc5
Bxc5 23. Qxe5 Bxf2+ 24. Kh1 Qb6 25. Nf4 Bg3 26. Qe7 Rxf4
27. Qxd7 Qf2 28. Qh3 Rf8 29. Rb1 Qc2 30. Rg1 Bf2 31. Qe6+ Kh7
32. Rf1 Qe2 33. Nh2 Rf6 34. Qg4 Qxb2 35. Nf3 Qe2 36. Ra1 Bd4
37. Re1 Qf2 38. Rd1 Bc5 39. e5 Rg6 40. Qh3 c3 41. Rg1 c2
42. Rc1 0-1

[Event "Chinese Championships"]
[Site "Wuxi CHN"]
[Date "2006.07.03"]
[EventDate "2006.06.25"]
[Round "8"]
[Result "0-1"]
[White "Shen Yang"]
[Black "Li Ruofan"]
[WhiteElo "2411"]
[BlackElo "2391"]
[PlyCount "99"]

1. e4 e5 2. Nf3 Nc6 3. Bb5 a6 4. Ba4 Nf6 5. O-O Be7 6. Re1 b5
7. Bb3 O-O 8. a4 Bb7 9. d3 d6 10. Nbd2 Nd7 11. a5 Nc5 12. Bd5
Nb4 13. Nb3 Nxd5 14. Nxc5 dxc5 15. exd5 Qxd5 16. Rxe5 Qd7
17. Be3 f6 18. Rh5 f5 19. Bf4 Bf6 20. Rb1 Rae8 21. Rh3 Re7
22. Nd2 Rfe8 23. Nf1 Qd5 24. Rg3 Bh4 25. Rf3 Qd4 26. Be3 Qg4
27. Rg3 Qxd1 28. Rxd1 Bxg3 29. hxg3 Re5 30. Nd2 Bd5 31. Rc1 c4
32. dxc4 Bxc4 33. Nxc4 bxc4 34. Bd2 Rd5 35. Bc3 Red8 36. Re1
Rd1 37. Kf1 Kf7 38. Ke2 Rxe1+ 39. Kxe1 g5 40. Ke2 Kg6 41. Be5
c6 42. Bc7 Rd5 43. f4 h6 44. Bb6 Rb5 45. Bd4 Rxa5 46. Kd2 Ra1
47. b4 Rh1 48. fxg5 hxg5 49. Ke2 Kh5 50. Kf3 0-1

[Event "Chinese Championships"]
[Site "Wuxi CHN"]
[Date "2006.07.04"]
[EventDate "2006.06.25"]
[Round "9"]
[Result "1/2-1/2"]
[White "Yifan Hou"]
[Black "Shen Yang"]
[WhiteElo "2298"]
[BlackElo "2411"]
[PlyCount "64"]

1. e4 e5 2. Nf3 Nc6 3. Bb5 a6 4. Ba4 Nf6 5. O-O Bc5 6. c3 b5
7. Bc2 d5 8. d4 dxe4 9. dxc5 Qxd1 10. Bxd1 exf3 11. Bxf3 e4
12. Be2 Bg4 13. Bxg4 Nxg4 14. a4 O-O 15. axb5 axb5 16. Rxa8
Rxa8 17. Na3 b4 18. Nb5 Ra5 19. c4 Nge5 20. b3 Nd3 21. Be3 f5
22. g3 Ra2 23. Rb1 Nce5 24. Nxc7 Nf3+ 25. Kg2 Nd2 26. Bxd2
Rxd2 27. Nd5 Rxf2+ 28. Kg1 Rd2 29. c6 Ne5 30. c7 Nf3+ 31. Kf1
Nxh2+ 32. Ke1 Nf3+ 1/2-1/2

[Event "Chinese Championships"]
[Site "Wuxi CHN"]
[Date "2006.07.05"]
[EventDate "2006.06.25"]
[Round "10"]
[Result "1/2-1/2"]
[White "Shen Yang"]
[Black "Ruan Lufei"]
[WhiteElo "2411"]
[BlackElo "2370"]
[PlyCount "68"]

1. d4 d5 2. c4 c6 3. cxd5 cxd5 4. Nc3 Nf6 5. Nf3 Nc6 6. Bf4 a6
7. Rc1 Bf5 8. Ne5 Rc8 9. e3 Nxe5 10. dxe5 Ne4 11. Nxe4 Rxc1
12. Qxc1 Bxe4 13. e6 Qa5+ 14. Ke2 fxe6 15. f3 Qb5+ 16. Kf2 Bd3
17. Bxd3 Qxd3 18. Rd1 Qb5 19. Be5 Rg8 20. Rd4 g5 21. h4 Bh6
22. Qc2 gxh4 23. a4 Qc6 24. Qxc6+ bxc6 25. Rxh4 Bg7 26. Rg4
Kf7 27. Bxg7 Rxg7 28. Rb4 Rg8 29. a5 c5 30. Rb6 Ra8 31. b3 Kf6
32. Ke2 h5 33. Rc6 Rb8 34. Rxc5 Rxb3 1/2-1/2

[Event "Chinese Championships"]
[Site "Wuxi CHN"]
[Date "2006.07.06"]
[EventDate "2006.06.25"]
[Round "11"]
[Result "1-0"]
[White "Zhao Xue"]
[Black "Shen Yang"]
[WhiteElo "2423"]
[BlackElo "2411"]
[PlyCount "119"]

1. d4 d5 2. c4 c6 3. Nc3 Nf6 4. Nf3 dxc4 5. a4 Bf5 6. Ne5 Nbd7
7. Nxc4 Qc7 8. g3 e5 9. dxe5 Nxe5 10. Bf4 Nfd7 11. Bg2 g5
12. Bxe5 Nxe5 13. Qd4 f6 14. O-O-O Rd8 15. Qe3 Be7 16. Rxd8+
Kxd8 17. Nxe5 Qxe5 18. Qxa7 Ba3 19. Rd1+ Kc8 20. Qd4 Qxd4
21. Rxd4 Bc5 22. Rd2 Be6 23. e3 Kc7 24. Kc2 h5 25. Ne2 Bb4
26. Rd1 h4 27. Nd4 Bd7 28. Kb3 Bd6 29. Kc4 hxg3 30. hxg3 Rh2
31. Rg1 f5 32. f4 gxf4 33. gxf4 Be7 34. b3 Bf6 35. Kd3 Kd6
36. Nf3 Rh6 37. Rh1 Rxh1 38. Bxh1 Kc5 39. Nd2 Kb4 40. Bf3 Be6
41. Bd1 Bd5 42. Nc4 b5 43. axb5 cxb5 44. Nd6 Be6 45. Ne8 Bh8
46. Nc7 Bf7 47. Kd2 Ka5 48. Be2 Bxb3 49. Nxb5 Kb4 50. Nd6 Be6
51. Bd3 Kc5 52. Nxf5 Bxf5 53. Bxf5 Kd6 54. Bc2 Bg7 55. Bb3 Ke7
56. Kd3 Bb2 57. Kd2 Bg7 58. e4 Bh6 59. Ke3 Kd6 60. Bf7 1-0

[Event "World Junior Championship (Girls)"]
[Site "Yerevan ARM"]
[Date "2006.10.03"]
[EventDate "2006.10.03"]
[Round "1"]
[Result "0-1"]
[White "Soumya Swaminathan"]
[Black "Shen Yang"]
[WhiteElo "2154"]
[BlackElo "2468"]
[PlyCount "106"]

1. e4 e5 2. Nf3 Nc6 3. Bb5 a6 4. Ba4 Nf6 5. O-O Bc5 6. c3 b5
7. Bb3 d6 8. a4 Bd7 9. d4 Bb6 10. a5 Nxa5 11. Rxa5 Bxa5
12. dxe5 dxe5 13. Nxe5 O-O 14. Bg5 Be8 15. Qe2 Qd6 16. Nf3 Bc6
17. e5 Bxf3 18. Qe3 Ng4 19. exd6 Nxe3 20. fxe3 Bh5 21. Bd5
Rae8 22. Be7 Bb6 23. Bxf8 Kxf8 24. dxc7 Rxe3 25. g4 Re5+
26. Kg2 Bxc7 27. Bf3 Bg6 28. Rd1 Ke7 29. Nd2 a5 30. Ra1 Bc2
31. Rc1 Bd3 32. b3 Bb6 33. Ra1 f6 34. c4 b4 35. Rd1 Be3
36. Nf1 Bc2 37. Nxe3 Rxe3 38. Ra1 Re5 39. Bd5 Bxb3 40. Rxa5
Bd1 41. Ra7+ Kd6 42. Rxg7 b3 43. Rxh7 Bxg4 44. Rb7 Re3 45. h4
Kc5 46. Rb5+ Kd4 47. Bf7 Re7 48. Bd5 Kc3 49. c5 b2 50. c6 Re5
51. c7 Rxd5 52. Rxd5 b1=Q 53. Rc5+ Kd4 0-1

[Event "World Junior Championship (Girls)"]
[Site "Yerevan ARM"]
[Date "2006.10.04"]
[EventDate "2006.10.03"]
[Round "2"]
[Result "1-0"]
[White "Shen Yang"]
[Black "Eesha Karavade"]
[WhiteElo "2468"]
[BlackElo "2321"]
[PlyCount "65"]

1. e4 c5 2. Nf3 d6 3. d4 cxd4 4. Nxd4 Nf6 5. Nc3 a6 6. Be2 e5
7. Nb3 Be7 8. O-O O-O 9. Kh1 b6 10. Be3 Bb7 11. f3 b5 12. a4
b4 13. Nd5 Nxd5 14. exd5 f5 15. a5 Nd7 16. Ra4 Nf6 17. Bc4 Qd7
18. Rxb4 Rfc8 19. Bg5 Rxc4 20. Rxc4 Bxd5 21. Rb4 Bc6 22. Qd2
d5 23. Rb6 d4 24. Re1 Bd6 25. Bxf6 gxf6 26. c3 Bc7 27. cxd4
Bxb6 28. axb6 Qd5 29. dxe5 Qxb3 30. exf6 Qf7 31. Qd6 Re8
32. Qg3+ Kf8 33. Qg7+ 1-0

[Event "World Junior Championship (Girls)"]
[Site "Yerevan ARM"]
[Date "2006.10.05"]
[EventDate "2006.10.03"]
[Round "3"]
[Result "0-1"]
[White "Bianca de Jong-Muhren"]
[Black "Shen Yang"]
[WhiteElo "2336"]
[BlackElo "2468"]
[PlyCount "116"]

1. e4 e5 2. Nf3 Nc6 3. d4 exd4 4. Nxd4 Bc5 5. Nxc6 Qf6 6. Qf3
bxc6 7. Nd2 Bd4 8. c3 Qxf3 9. gxf3 Bf6 10. f4 d6 11. Nf3 g6
12. Be3 Ne7 13. O-O-O Bg7 14. Rg1 Be6 15. f5 Bxa2 16. Kc2 d5
17. Ra1 dxe4 18. Rxa2 exf3 19. fxg6 hxg6 20. Bc5 Be5 21. Bd3
Rxh2 22. Be4 Bd6 23. Bd4 Rh3 24. Bf6 Nd5 25. Bd4 Kd7 26. b4
Rh4 27. Bxd5 cxd5 28. Rxa7 Rxa7 29. Bxa7 Rc4 30. Kd3 Be5
31. Rc1 Kc6 32. Be3 Kb5 33. Bd2 Bf4 34. Bxf4 Rxf4 35. Rg1 Rf5
36. Rg4 g5 37. Kd4 Kc6 38. Ke3 Kd6 39. Rd4 c6 40. Rg4 c5
41. Kd3 Re5 42. bxc5+ Kxc5 43. Rg3 Rf5 44. Rg4 Kd6 45. Ke3 Ke6
46. c4 dxc4 47. Rxc4 Kf6 48. Rg4 Kg6 49. Rg1 Kh5 50. Rh1+ Kg4
51. Ke4 Rf4+ 52. Ke3 f6 53. Rg1+ Kh3 54. Kd3 Kh2 55. Rg3 g4
56. Ke3 Ra4 57. Kd2 f5 58. Kd3 Re4 0-1

[Event "World Junior Championship (Girls)"]
[Site "Yerevan ARM"]
[Date "2006.10.06"]
[EventDate "2006.10.03"]
[Round "4"]
[Result "1/2-1/2"]
[White "Shen Yang"]
[Black "Tatev Abrahamyan"]
[WhiteElo "2468"]
[BlackElo "2292"]
[PlyCount "105"]

1. e4 e6 2. d4 d5 3. Nd2 Be7 4. Bd3 c5 5. dxc5 Nf6 6. Qe2 O-O
7. Ngf3 a5 8. O-O Na6 9. e5 Nd7 10. c3 Naxc5 11. Bc2 b6
12. Re1 Ba6 13. Qe3 f6 14. exf6 Bxf6 15. Nb3 e5 16. Nxc5 bxc5
17. Ng5 Bxg5 18. Qxg5 Qf6 19. f3 Rae8 20. Qg3 Qf7 21. Bd2 Re6
22. Rad1 e4 23. f4 Rg6 24. Qe3 Qf5 25. h3 Nf6 26. Kh1 Qh5
27. Qxc5 Be2 28. Kh2 Bxd1 29. Bxd1 Qh4 30. Kh1 Rg3 31. Re2 Rd3
32. Qg1 Ng4 33. Be1 Rxh3+ 34. gxh3 Qxh3+ 35. Rh2 Nxh2 36. Qxh2
Qf1+ 37. Qg1 Rxf4 38. Kh2 Rf6 39. Bh5 Qf4+ 40. Qg3 g6 41. Be2
g5 42. Kg2 Kg7 43. Bf2 Qd2 44. Qg4 e3 45. Bg3 Kf8 46. Qc8+ Kg7
47. Qd7+ Kf8 48. Bd6+ Kg8 49. Qe8+ Kg7 50. Qe7+ Kg6 51. Qe8+
Kg7 52. Qe7+ Kg6 53. Qe8+ 1/2-1/2

[Event "World Junior Championship (Girls)"]
[Site "Yerevan ARM"]
[Date "2006.10.07"]
[EventDate "2006.10.03"]
[Round "5"]
[Result "1/2-1/2"]
[White "Yifan Hou"]
[Black "Shen Yang"]
[WhiteElo "2481"]
[BlackElo "2468"]
[PlyCount "101"]

1. e4 e5 2. Nf3 Nc6 3. Bb5 a6 4. Ba4 Nf6 5. O-O Bc5 6. c3 b5
7. Bb3 d6 8. d4 Bb6 9. a4 Bg4 10. axb5 axb5 11. Rxa8 Qxa8
12. h3 Bh5 13. Qd3 exd4 14. Nxd4 O-O 15. Nxc6 Qxc6 16. Bd5
Nxd5 17. exd5 Qe8 18. Be3 Bg6 19. Qd2 Bxe3 20. fxe3 Be4
21. Qd4 Qe5 22. Qxe5 dxe5 23. Rd1 Rd8 24. c4 Bxb1 25. Rxb1
bxc4 26. Ra1 Kf8 27. e4 c6 28. dxc6 Rc8 29. Ra5 Rxc6 30. Rxe5
Rd6 31. Rc5 Rd4 32. e5 Ke7 33. Kf2 Rd2+ 34. Kf3 Rxb2 35. Rxc4
Ke6 36. Rg4 Rb3+ 37. Kf2 g6 38. Rh4 h5 39. Rf4 Rb7 40. Re4 Rb5
41. g3 Rxe5 42. Ra4 g5 43. Kf3 Rf5+ 44. Ke4 Rf1 45. Ra6+ Ke7
46. Rh6 h4 47. gxh4 Rf4+ 48. Ke3 Rxh4 49. Rxh4 gxh4 50. Kf4
Kf6 51. Ke4 1/2-1/2

[Event "World Junior Championship (Girls)"]
[Site "Yerevan ARM"]
[Date "2006.10.08"]
[EventDate "2006.10.03"]
[Round "6"]
[Result "0-1"]
[White "Shen Yang"]
[Black "Batkhuyag Munguntuul"]
[WhiteElo "2468"]
[BlackElo "2383"]
[PlyCount "100"]

1. e4 c5 2. Nf3 Nc6 3. d4 cxd4 4. Nxd4 g6 5. c4 Bg7 6. Be3 Nf6
7. Nc3 O-O 8. Be2 b6 9. O-O Bb7 10. Rc1 Nxd4 11. Bxd4 Bh6
12. e5 Bxc1 13. exf6 Bg5 14. fxe7 Bxe7 15. Bf3 Bc6 16. Nd5 Rc8
17. Bc3 Bxd5 18. Bxd5 Bf6 19. Bb4 Re8 20. Qf3 d6 21. Qf4 Re5
22. Rd1 Qe7 23. g4 Kg7 24. Bf3 Bg5 25. Qd4 Qf6 26. Kg2 Re6
27. Qd3 Bf4 28. b3 Ree8 29. Qc2 b5 30. Rd5 Be5 31. Rxb5 Qf4
32. Rxe5 dxe5 33. Bd2 Qf6 34. Be3 Rc7 35. Be4 Qe6 36. f3 Rd8
37. c5 a5 38. g5 Rb8 39. Qd2 Rb4 40. h3 Rd7 41. Qc3 Rc7 42. c6
Rxe4 43. fxe4 Rxc6 44. Qxa5 Rc2+ 45. Kg3 h5 46. gxh6+ Kh7
47. Qa7 Qf6 48. h4 Qf1 49. Bf2 Rc3+ 50. Be3 Qf4+ 0-1

[Event "World Junior Championship (Girls)"]
[Site "Yerevan ARM"]
[Date "2006.10.09"]
[EventDate "2006.10.03"]
[Round "7"]
[Result "0-1"]
[White "Jennifer Perez Rodriguez"]
[Black "Shen Yang"]
[WhiteElo "2250"]
[BlackElo "2468"]
[PlyCount "86"]

1. e4 e5 2. Nf3 Nc6 3. Bc4 Bc5 4. c3 Nf6 5. d3 a6 6. Bb3 Ba7
7. O-O h6 8. Be3 O-O 9. Nbd2 Re8 10. Bxa7 Rxa7 11. Re1 d6
12. Nf1 Be6 13. Ng3 Ra8 14. d4 exd4 15. cxd4 Bg4 16. Qd3 Bxf3
17. gxf3 Nh7 18. Kg2 g6 19. Bd5 Qf6 20. Bxc6 bxc6 21. Qe3 Rab8
22. b3 Ng5 23. Ne2 Kh7 24. Qf4 Qe6 25. Qg3 Qe7 26. Rac1 Qd7
27. Nf4 Ne6 28. Nxe6 Rxe6 29. Qg4 Rb5 30. Qf4 Rg5+ 31. Kh1 Kg7
32. Rg1 Rf6 33. Qe3 Qh3 34. Rg3 Qh5 35. Rcg1 c5 36. Rxg5 hxg5
37. Rxg5 cxd4 38. Qd2 Qxf3+ 39. Kg1 Qxe4 40. b4 Re6 41. a4
Qe1+ 42. Qxe1 Rxe1+ 43. Kg2 f5 0-1

[Event "World Junior Championship (Girls)"]
[Site "Yerevan ARM"]
[Date "2006.10.11"]
[EventDate "2006.10.03"]
[Round "8"]
[Result "1/2-1/2"]
[White "Shen Yang"]
[Black "Zhang Jilin"]
[WhiteElo "2468"]
[BlackElo "2292"]
[PlyCount "82"]

1. e4 c5 2. Nf3 d6 3. d4 cxd4 4. Nxd4 Nf6 5. Nc3 a6 6. Be2 e5
7. Nb3 Be7 8. O-O O-O 9. Kh1 b5 10. a4 b4 11. Nd5 Bb7
12. Nxe7+ Qxe7 13. f3 d5 14. Bg5 dxe4 15. fxe4 Nbd7 16. Bd3 h6
17. Bxf6 Nxf6 18. Qe2 a5 19. Qe3 Rfc8 20. Rfe1 Nh5 21. Nd2 Nf4
22. Bc4 Qc5 23. Rac1 Qd4 24. c3 bxc3 25. Rxc3 Ba6 26. Bxa6
Rxc3 27. bxc3 Qxe3 28. Rxe3 Rxa6 29. g3 Ne6 30. Nb3 f6 31. Rd3
Ng5 32. Nc5 Rc6 33. Rd5 Kf7 34. Kg2 Ne6 35. Nxe6 Kxe6 36. Rxa5
Kf7 37. Ra7+ Kg6 38. h4 h5 39. a5 Rxc3 40. Kf2 Rc2+ 41. Kf3
Rc3+ 1/2-1/2

[Event "World Junior Championship (Girls)"]
[Site "Yerevan ARM"]
[Date "2006.10.13"]
[EventDate "2006.10.03"]
[Round "10"]
[Result "1-0"]
[White "Shen Yang"]
[Black "Atousa Pourkashiyan"]
[WhiteElo "2468"]
[BlackElo "2330"]
[PlyCount "149"]

1. e4 e5 2. Nf3 Nf6 3. Nxe5 d6 4. Nf3 Nxe4 5. d4 d5 6. Bd3 Be7
7. O-O Nc6 8. c4 Nb4 9. Be2 O-O 10. a3 Nc6 11. cxd5 Qxd5
12. Nc3 Nxc3 13. bxc3 Bf5 14. Re1 Rfe8 15. Bf4 Bd6 16. c4 Qe4
17. Be3 Rad8 18. Ra2 h6 19. h3 Bg6 20. Qc1 Na5 21. c5 Be7
22. Qc3 b6 23. Rd2 Qd5 24. Ne5 Be4 25. Nd3 Qb3 26. Qa1 Bf6
27. Bd1 Qc4 28. Ne5 Qd5 29. f3 Bf5 30. Qc3 Bh4 31. Ree2 f6
32. Ng4 h5 33. Nf2 Kh8 34. Bf4 Rxe2 35. Bxe2 Rd7 36. Rd1 Qb3
37. Qxb3 Nxb3 38. c6 Re7 39. Bc4 Na5 40. Bd5 Bg5 41. Bxg5 fxg5
42. Ne4 g4 43. hxg4 hxg4 44. Kf2 g6 45. Nf6 Kg7 46. Nxg4 Bxg4
47. fxg4 Re8 48. Kf3 Rd8 49. Ke4 Re8+ 50. Kd3 Rd8 51. Bf3 Rd6
52. d5 Nb3 53. Re1 Kf7 54. g5 Nc5+ 55. Kc4 Rd8 56. Bd1 Rd6
57. Bc2 Kf8 58. Rf1+ Kg7 59. g4 Na6 60. Kd4 Nc5 61. Ke5 Rd8
62. Rf6 Re8+ 63. Kd4 Re2 64. Rxg6+ Kf7 65. Bf5 Rd2+ 66. Kc4
Ke7 67. Rh6 Rd1 68. g6 Rc1+ 69. Kd4 Rd1+ 70. Ke5 Re1+ 71. Kf4
Rf1+ 72. Kg5 Kf8 73. Rh8+ Kg7 74. Rh7+ Kg8 75. d6 1-0

[Event "World Junior Championship (Girls)"]
[Site "Yerevan ARM"]
[Date "2006.10.14"]
[EventDate "2006.10.03"]
[Round "11"]
[Result "1/2-1/2"]
[White "Shen Yang"]
[Black "Salome Melia"]
[WhiteElo "2468"]
[BlackElo "2395"]
[PlyCount "97"]

1. e4 c6 2. d4 d5 3. e5 Bf5 4. Nf3 e6 5. Be2 Nd7 6. O-O Bb4
7. c3 Ba5 8. Nbd2 Ne7 9. Nb3 Bc7 10. Ne1 f6 11. exf6 Nxf6
12. Nc5 b6 13. Ncd3 O-O 14. Bf4 Bxf4 15. Nxf4 Qd6 16. Nfd3 Nd7
17. Nf3 Bxd3 18. Bxd3 e5 19. dxe5 Nxe5 20. Nxe5 Qxe5 21. Qg4
Qd6 22. Rae1 Rf6 23. Re3 Raf8 24. Rfe1 Ng6 25. f3 Nf4 26. Re7
R6f7 27. Rxf7 Rxf7 28. Bf1 g6 29. Qh4 Kg7 30. Re8 Nh5 31. Qd4+
Nf6 32. g4 c5 33. Qe5 Qxe5 34. Rxe5 Kf8 35. g5 Ne8 36. Rxd5
Rxf3 37. Bc4 Rf4 38. b3 Ke7 39. Re5+ Kf8 40. Kg2 Nd6 41. Kg3
Re4 42. Rxe4 Nxe4+ 43. Kf4 Nxc3 44. a4 Na2 45. Ke5 Ke7 46. Bd5
Nc3 47. Bc4 Na2 48. Bd5 Nc3 49. Bc4 1/2-1/2

[Event "World Junior Championship (Girls)"]
[Site "Yerevan ARM"]
[Date "2006.10.15"]
[EventDate "2006.10.03"]
[Round "12"]
[Result "0-1"]
[White "Tania Sachdev"]
[Black "Shen Yang"]
[WhiteElo "2383"]
[BlackElo "2468"]
[PlyCount "98"]

1. d4 d5 2. c4 c6 3. Nf3 Nf6 4. Nc3 dxc4 5. a4 Bf5 6. e3 e6
7. Bxc4 Nbd7 8. a5 b5 9. axb6 axb6 10. Rxa8 Qxa8 11. Nh4 b5
12. Be2 b4 13. Na4 Be4 14. f3 b3 15. Qxb3 Bd5 16. Qc2 Qb7
17. Bd1 g5 18. e4 gxh4 19. exd5 Nxd5 20. O-O h3 21. g3 Bg7
22. Qc4 Qb5 23. b3 Qxc4 24. bxc4 Bxd4+ 25. Kh1 Ne7 26. Ba3 h5
27. Bc2 f5 28. Rd1 c5 29. Bb2 e5 30. f4 Rh6 31. fxe5 Bxb2
32. Nxb2 Nxe5 33. Bxf5 Nxf5 34. Re1 Re6 35. Nd3 Nxd3 36. Rxe6+
Kf7 37. Re2 Nd4 38. Re3 Nf2+ 39. Kg1 Ng4 40. Ra3 Kf6 41. Ra8
Nf3+ 42. Kf1 Ngxh2+ 43. Kf2 Ne5 44. Rh8 Kg6 45. Rg8+ Kh7
46. Rf8 Kg7 47. Rf5 Nhg4+ 48. Kg1 Kg6 49. Rf4 Nd3 0-1

[Event "World Junior Championship (Girls)"]
[Site "Yerevan ARM"]
[Date "2006.10.16"]
[EventDate "2006.10.03"]
[Round "13"]
[Result "0-1"]
[White "Dronavalli Harika"]
[Black "Shen Yang"]
[WhiteElo "2353"]
[BlackElo "2468"]
[PlyCount "88"]

1. Nf3 d5 2. d4 Nf6 3. c4 c6 4. Nc3 a6 5. c5 Bf5 6. Qb3 Qc8
7. Ne5 Nbd7 8. Na4 e6 9. Bf4 Be7 10. e3 Bd8 11. Be2 Ba5+
12. Kf1 g5 13. Nxd7 Qxd7 14. Bg3 Ne4 15. Kg1 Rd8 16. Bd3 Nd2
17. Qc2 Bxd3 18. Qxd3 Ne4 19. Rb1 h5 20. b4 Bc7 21. Bxc7 Qxc7
22. f3 Nf6 23. Nc3 Kf8 24. Rf1 Rh6 25. f4 gxf4 26. Rxf4 e5
27. dxe5 Qxe5 28. Qd4 Re8 29. Qxe5 Rxe5 30. Nd1 Ng4 31. h3
Nxe3 32. Nxe3 Rxe3 33. Kh2 Kg7 34. Rhf1 f6 35. a4 Rb3 36. R1f3
Rxf3 37. Rxf3 Rh8 38. b5 axb5 39. axb5 Ra8 40. Re3 Kf7 41. Kg3
Ra4 42. bxc6 bxc6 43. Rc3 Rc4 44. Rd3 Kg6 0-1

[Event "6th Aeroflot Festival"]
[Site "Moscow RUS"]
[Date "2007.02.14"]
[EventDate "2007.02.14"]
[Round "1"]
[Result "1-0"]
[White "Viktor Laznicka"]
[Black "Shen Yang"]
[WhiteElo "2593"]
[BlackElo "2446"]
[PlyCount "91"]

1. d4 d5 2. c4 c6 3. Nf3 Nf6 4. e3 e6 5. Qc2 Nbd7 6. Nbd2 Bd6
7. Bd3 O-O 8. O-O h6 9. Rd1 Re8 10. e4 e5 11. cxd5 cxd5
12. exd5 exd4 13. Ne4 Nxe4 14. Bxe4 Nf6 15. Bf5 Qb6 16. Bxc8
Raxc8 17. Qf5 Rcd8 18. g3 Bc5 19. b4 Qxb4 20. Bxh6 Rxd5
21. Qf4 Bd6 22. Qh4 Re4 23. Bf4 Bxf4 24. gxf4 Rf5 25. Rac1 Rc5
26. Rb1 Qa4 27. Ng5 Re8 28. Rd3 Qxa2 29. Rbd1 Rd5 30. Rh3 Kf8
31. Qh8+ Ke7 32. Qxg7 Rd6 33. Rh8 Rxh8 34. Re1+ Kd7 35. Qxh8
Qa5 36. Re5 Qa1+ 37. Kg2 Qd1 38. h3 Nd5 39. Qe8+ Kc7 40. Qxf7+
Kc6 41. Ne4 Ne3+ 42. fxe3 Qe2+ 43. Nf2 dxe3 44. Qe8+ Kc7
45. Re7+ Kb6 46. Rxe3 1-0

[Event "6th Aeroflot Festival"]
[Site "Moscow RUS"]
[Date "2007.02.15"]
[EventDate "2007.02.14"]
[Round "2"]
[Result "1-0"]
[White "Alexander Ivanov"]
[Black "Shen Yang"]
[WhiteElo "2577"]
[BlackElo "2446"]
[PlyCount "75"]

1. e4 e5 2. Nf3 Nc6 3. Bb5 a6 4. Bxc6 dxc6 5. O-O f6 6. d4 Bg4
7. dxe5 Qxd1 8. Rxd1 fxe5 9. Rd3 Bd6 10. Nbd2 Nf6 11. Nc4 Bxf3
12. gxf3 O-O-O 13. Bg5 b5 14. Na5 c5 15. c4 Rd7 16. Rad1 Rf7
17. cxb5 axb5 18. Rb3 b4 19. Nc4 Ne8 20. Rd5 h6 21. Bh4 Kb7
22. a3 Kc6 23. axb4 cxb4 24. Bg3 Rhf8 25. Nxe5+ Bxe5 26. Rxe5
Nd6 27. Rxb4 Rxf3 28. Ra5 g5 29. Rd4 Rb8 30. b4 Nb5 31. Rc4+
Kd7 32. Rc5 Nd6 33. Rc4 Nb7 34. Ra6 Nd6 35. e5 Ne4 36. Rd4+
Ke8 37. Ra7 Nxg3 38. hxg3 1-0

[Event "6th Aeroflot Festival"]
[Site "Moscow RUS"]
[Date "2007.02.16"]
[EventDate "2007.02.14"]
[Round "3"]
[Result "0-1"]
[White "Shen Yang"]
[Black "Sergei Azarov"]
[WhiteElo "2446"]
[BlackElo "2583"]
[PlyCount "96"]

1. d4 Nf6 2. Nf3 e6 3. c4 d5 4. Nc3 Be7 5. Bg5 O-O 6. e3 h6
7. Bh4 b6 8. Rc1 Bb7 9. cxd5 Nxd5 10. Bxe7 Nxe7 11. Bd3 Nd7
12. Ne4 Nd5 13. O-O Qe7 14. Bb1 Rfd8 15. Qc2 f5 16. Ned2 c5
17. e4 Nf4 18. Rfe1 Nf8 19. exf5 cxd4 20. Qa4 Qf6 21. Rc7 Bd5
22. Ne4 Qxf5 23. Qxd4 Qg4 24. g3 Rd7 25. Ne5 Qh3 26. gxf4 Rxc7
27. f3 Rac8 28. Qe3 Bxe4 29. Bxe4 Nd7 30. Ng4 Qh4 31. Re2 h5
32. Nf2 Nf6 33. Bg6 Rc1+ 34. Kg2 Kh8 35. Nh3 Nd5 36. Qe5 R1c4
37. f5 Rc2 38. fxe6 Rxe2+ 39. Qxe2 Qf6 40. Qe4 Qxb2+ 41. Kg3
Nf6 42. Qf4 Qc1 43. Qxc1 Rxc1 44. Ng5 Rg1+ 45. Kh4 Nd5 46. Bc2
Rg2 47. Bb3 Ne7 48. Kxh5 g6+ 0-1

[Event "6th Aeroflot Festival"]
[Site "Moscow RUS"]
[Date "2007.02.17"]
[EventDate "2007.02.14"]
[Round "4"]
[Result "0-1"]
[White "Emanuel Berg"]
[Black "Shen Yang"]
[WhiteElo "2586"]
[BlackElo "2446"]
[PlyCount "64"]

1. e4 e5 2. Nf3 Nc6 3. Bb5 a6 4. Ba4 Nf6 5. O-O Be7 6. Re1 b5
7. Bb3 d6 8. c3 O-O 9. h3 Nb8 10. d3 Nbd7 11. Nbd2 Bb7 12. Nf1
Re8 13. Ng5 Rf8 14. Ng3 h6 15. Nf3 Re8 16. Nf5 Bf8 17. Nh2 Nc5
18. Bc2 d5 19. Qf3 Kh8 20. h4 dxe4 21. dxe4 Nfxe4 22. Rxe4 g6
23. Bxh6 Bxe4 24. Bxe4 Nxe4 25. Bxf8 gxf5 26. Qxf5 Qxh4
27. Ba3 Qh7 28. Qf3 Rad8 29. Re1 f5 30. Rf1 Re6 31. g3 Ng5
32. Qe3 f4 0-1

[Event "6th Aeroflot Festival"]
[Site "Moscow RUS"]
[Date "2007.02.18"]
[EventDate "2007.02.14"]
[Round "5"]
[Result "1/2-1/2"]
[White "Shen Yang"]
[Black "Yuri Drozdovskij"]
[WhiteElo "2446"]
[BlackElo "2562"]
[PlyCount "52"]

1. e4 e6 2. d4 d5 3. Nd2 dxe4 4. Nxe4 Nd7 5. Nf3 Ngf6 6. Nxf6+
Nxf6 7. c3 c5 8. Be3 Qc7 9. Ne5 a6 10. Qa4+ Nd7 11. O-O-O cxd4
12. Nxd7 Bxd7 13. Qxd4 e5 14. Qc4 Rc8 15. Qxc7 Rxc7 16. Be2
Bc5 17. Bxc5 Rxc5 18. Rhe1 Ke7 19. Bf3 b5 20. Bd5 Be6 21. Bxe6
Kxe6 22. f4 f6 23. Rd4 Rhc8 24. Kc2 a5 25. Kd3 Rd5 26. fxe5
fxe5 1/2-1/2

[Event "6th Aeroflot Festival"]
[Site "Moscow RUS"]
[Date "2007.02.19"]
[EventDate "2007.02.14"]
[Round "6"]
[Result "1/2-1/2"]
[White "Alexander Evdokimov"]
[Black "Shen Yang"]
[WhiteElo "2531"]
[BlackElo "2446"]
[PlyCount "89"]

1. d4 d5 2. c4 c6 3. Nf3 Nf6 4. e3 e6 5. Qc2 Nbd7 6. Nc3 Bd6
7. Be2 dxc4 8. Bxc4 O-O 9. O-O h6 10. Rd1 Qc7 11. h3 a6 12. e4
e5 13. Be3 exd4 14. Nxd4 Bf4 15. Bxf4 Qxf4 16. Nf5 Qe5 17. Nd6
b5 18. Bf1 Nc5 19. b4 Nb7 20. Nxc8 Raxc8 21. Rac1 Rfe8 22. a3
c5 23. f3 cxb4 24. axb4 Nd6 25. Qb3 Nc4 26. Nd5 Nxd5 27. Rxd5
Qf4 28. Re1 Re6 29. Qd3 Qh4 30. Rc1 Rg6 31. Kh1 Kh7 32. Qd4
Qf4 33. Rc3 Qg3 34. Qd1 Nb2 35. Qd2 Rxc3 36. Qxc3 Qf2 37. Qc1
Nc4 38. Rd3 Rg3 39. e5 Nxe5 40. Rd2 Qb6 41. Qc2+ Ng6 42. Qf5
Qe3 43. Rd1 Qe7 44. Qc5 Qb7 45. Qd5 1/2-1/2

[Event "6th Aeroflot Festival"]
[Site "Moscow RUS"]
[Date "2007.02.20"]
[EventDate "2007.02.14"]
[Round "7"]
[Result "0-1"]
[White "Shen Yang"]
[Black "Tigran Levonovich Petrosian"]
[WhiteElo "2446"]
[BlackElo "2592"]
[PlyCount "76"]

1. d4 d5 2. Nf3 c6 3. c4 Nf6 4. Nc3 dxc4 5. a4 Bf5 6. e3 e6
7. Bxc4 Nbd7 8. O-O Bb4 9. Nh4 Bg4 10. f3 Bh5 11. g4 Bg6
12. e4 Nb6 13. Bb3 Nxe4 14. Nxg6 Nxc3 15. bxc3 Bxc3 16. Nxh8
Qxd4+ 17. Qxd4 Bxd4+ 18. Be3 Bxe3+ 19. Kg2 Nd5 20. Rab1 b6
21. Rfe1 Bc5 22. Bxd5 cxd5 23. Rec1 Rd8 24. Rxc5 bxc5 25. Rb7
Rd7 26. Rxd7 Kxd7 27. Nxf7 Ke7 28. Ne5 Kd6 29. f4 d4 30. Kf3
Kd5 31. a5 c4 32. a6 g5 33. h3 d3 34. Nxd3 cxd3 35. f5 exf5
36. gxf5 Ke5 37. Ke3 Kxf5 38. Kxd3 Ke5 0-1